Responses for Show #3428 - Wednesday, June 30, 1999

Armed Forces Week game 3.

Contestants

[<< previous game]

Steve Dranchak, an Air Force action officer originally from Hastings, Pennsylvania, now stationed at Ramstein, Germany

Alex Meza, a Navy anesthesiology resident originally from Guayaquil, Ecuador, now stationed at San Diego, California

Thomas Citrano, a Marine Corps infantry officer originally from Jacksonville, Florida, now stationed at Camp Lejeune, North Carolina

[next game >>]

Jeopardy! Round responses

U.S. "O" TOUR
THE BEAT OF THE TOM
MARINE BIOLOGY
CLASSIC TOYS
WORLD HISTORY
CROSSWORD CLUES "F"
    $100 1
Orlando

Alex
    $100 12
Paul Simon

Thomas
    $100 2
squid

Alex
    $100 19
Matchbox

Steve
    $100 3
the Bastille

Alex
    $100 14
fib

Alex
    $200 24
Omaha

Thomas
    $200 13
(Alex Trebek: And I don't want you to throw your panties at me; we're going to take a break... please, don't throw them!)

Tom Jones

Alex
    $200 8
plankton

Alex
    $200 20
Lego

Alex
    $200 4
Japan

Alex
    $200 15
frog

Steve
    $300 25
Oregon

Thomas
    $300 28
Tom Petty

Thomas
    $300 9
Jacques Cousteau

Alex
    $300 21
Lincoln Logs

Triple Stumper
    $300 5
Marco Polo

Thomas
    $300 16
Fanny

Alex
    $400 26
the Old North Church

Thomas
    $400 29
Tom T. Hall

Steve
    $400 10
a clam

Thomas
    $400 22
Buck Rogers

Alex
    $400 6
Victoria

Alex
    $400 17
fleece

Alex
    $500 27
Okefenokee Swamp

Alex
    $500 30
Tom Waits

Triple Stumper
    $700 11
(Thomas: What is the North Sea?)

the Sargasso Sea

Thomas
    $500 23
Easy-Bake Oven

Steve
    $500 7
(Steve: What is Hungary?)

(1 of 3) Czech Republic, Hungary, or Poland

Steve
    $500 18
figment

Steve

Scores at the first commercial break (after clue 13):

Thomas Alex Steve
$100 $1,600 $500

Scores at the end of the Jeopardy! Round:

Thomas Alex Steve
$1,300 $3,500 $2,200

Double Jeopardy! Round responses

FAMOUS NAVAL CONFLICTS
INTERNATIONAL FOOD & DRINK
THE MOVIES
EXPRESSIONS
RUN IT UP THE FLAGPOLE
"C" WHO SALUTES
    $200 18
USS Missouri

Alex
    $200 16
Mexico

Alex
    $200 1
pigs

Thomas
    $200 11
Nod

Triple Stumper
    $200 26
Vietnam

Thomas
    $200 6
colonel

Thomas
    $400 19
Falkland Islands War

Steve
    $400 17
brains

Triple Stumper
    $400 2
(Alex Meza: What is Beauty and the Beast?)

Pinocchio

Alex
Triple Stumper
    $400 12
the chips

Thomas
    $400 27
Australia

Thomas
    $400 7
chaplain

Thomas
    $600 21
(Steve: What is the South China Sea?)

the Coral Sea

AlexSteve
    $600 20
potatoes

Alex
    $600 3
Elvis Presley

Steve
    $600 13
a sharp stick

Steve
    $600 28
United Nations

Alex
    $600 8
cavalry

Thomas
    $800 22
the Spanish Armada

Alex
    $800 24
India

Triple Stumper
    $800 4
Clark Gable

Steve
    $800 14
(Alex Meza: What is climbing the ladder?)

hand over fist

ThomasAlex
    $800 29
(Thomas: What is Montreal?)

Quebec City

Thomas
Triple Stumper
    $700 9
commodore

Thomas
    $1000 23
Trafalgar

Alex
    $1000 25
Argentina

Alex
    $1000 5
My Darling Clementine

Triple Stumper
    $1000 15
flat-hatting

Thomas
    $1,000 30
(Alex Meza: That would be, what is Canada?)

Hong Kong

Alex
    $1000 10
corpsman

Thomas

Scores at the end of the Double Jeopardy! Round:

Thomas Alex Steve
$6,400 $6,300 $4,000

[wagering suggestions for these scores]

Final Jeopardy! Round responses

PARADES
SteveWhat is The Bicentennial
$3,001
AlexWhat
$5,000
ThomasWhat is [the ----] Bowl games
$6,301
the Bicentennial

Final scores:

Thomas Alex Steve
$99 $1,300 $7,001
3rd place: Panasonic 13" Color TV & VCR combo & LCD Palmcorder 2nd place: Intel Create & Share Camera Pack & Micron Millennium Max Computer Winner: $7,001; week's big winner has total doubled

Game dynamics:

Coryat scores:

Thomas Alex Steve
$7,200 $7,300 $4,000
18 R
(including 1 DD),
2 W
(including 1 DD)
22 R,
3 W
(including 1 DD)
10 R,
1 W

Combined Coryat: $18,500

[game clues] [game scores] [suggest correction]

Game tape date: Unknown
The J! Archive is created by fans, for fans. Scraping, republication, monetization, and malicious use prohibited; this site may use cookies and collect identifying information. See terms. The Jeopardy! game show and all elements thereof, including but not limited to copyright and trademark thereto, are the property of Jeopardy Productions, Inc. and are protected under law. This website is not affiliated with, sponsored by, or operated by Jeopardy Productions, Inc. Join the discussion at JBoard.tv.